000 00471nam a22001812 4500
001 0000004710
005 20170406120034.0
008 141118s xx 000 0 eng d
020 _c$
040 _aYour Holding Symbol
_cYour Holding Symbol
245 1 0 _aMODERN PHYSICAL SCIENCE.
250 _a ed.
260 _aToronto :
_bHolt,
_c1991.
300 _a623 p. :
_bill ;
_c cm.
504 _aindex.
650 0 _aphysical science.
908 _a141118
999 _c4524
_d4524